000 00638cam a22002058a 4500
999 _c57481
_d57481
001 17430556
005 20221107123214.0
008 120813s2013 enk bf 001 0 eng
020 _a9781444330878 X
041 _aeng
080 _a616.21 M-92
100 1 _aMunir, Nazia.
_98790
245 1 0 _aEar, nose, and throat at a glance /
_cNazia Munir, Ray Clarke.
264 _aChichester, West Sussex :
_bWiley-Blackwell,
_c2013.
300 _a95 p. ;
_c28 cm.
653 _aყელ ყურ ცხვირი
653 _aმედიცინა
700 1 _aClarke, Ray
_q(Raymond).
_eავტორი
_98795
942 _2udc
_cBK